ترويض النمور : (Record no. 16289)
[ view plain ]
| 000 -الفاتح | |
|---|---|
| حقل البيانات ثابتة الطول | 01146nam a22002177a 4500 |
| 005 - وقت وتاريخ اخر تعامل مع التسجيلة | |
| رقم الضبط | 20111201161948.0 |
| 008 - عناصر البيانات ثابتة الطول - معلومات عامة | |
| حقل البيانات ثابتة الطول | 111201s1999 ua||||| |||| 001 0 ara d |
| 082 ## - رقم تصنيف ديوى العشرى | |
| رقم الطبعة | 22 |
| رقم التصنيف | 330.95 |
| رقم المادة | ج ر ا |
| 100 ## - المدخل الرئيسى - إسم شخصى | |
| 9 (RLIN) | 27980 |
| الإسم الشخصى | جران، روبرت |
| 245 ## - بيان العنوان | |
| العنوان | ترويض النمور : |
| بقية العنوان | نهاية المعجزة الآسيوية / |
| بيان المسئوليه,etc | روبرت جران ؛ ترجمة سمير كريم. |
| 246 ## - العنوان الموازى | |
| عنوان صحيح/عنوان مختصر | نهاية المعجزة الآسيوية |
| 260 ## - PUBLICATION, DISTRIBUTION, ETC. (IMPRINT) | |
| مكان الناشر او الموزع | القاهرة : |
| اسم الناشر او الموزع | مؤسسة الأهرام، مركز الأهرام للترجمة والنشر والتوزيع، |
| تاريخ النشر أو التوزيع | 1999. |
| 300 ## - الوصف المادى | |
| التعداد | 291 ص : |
| أبعاد الوعاء | 24 سم. |
| تفاصيل ماديه اخرى للوعاء | أيض ؛ |
| 500 ## - تبصرة عامة | |
| تبصرة عامة | ترجمة لكتاب: Tigers Tamed: The End of the Asian Miracle/ by Robert Garran, 1998 |
| 504 ## - تبصرة ببليوجرافية | |
| تبصرة ببليوجرافية,الخ | يشتمل على إرجاعات ببليوجرافية: ص 273-284 وكشاف |
| 651 ## - المدخل الاضافى بالموضوع - اسم جغرافى | |
| 9 (RLIN) | 27981 |
| الاسم الجغرافي | اسيا |
| التقسيم الفرعي العام | احوال اقتصادية |
| 653 ## - مصطلح تكشيفى غير مقيد | |
| Resource For college | |
| Arrived date list | December2011 |
| 700 ## - المدخل الاضافى - اسم شخصى | |
| 9 (RLIN) | 27984 |
| الإسم الشخصى | كريم، سمير |
| 942 ## - عناصر المدخل الإضافي( كوها) | |
| مصدر التصنيف او مخطط الترفيف | Dewey Decimal Classification |
| Koha [default] item type | Book - Borrowing |
| حالة التراجع | حالة الفقد | مصدر التصنيف او خطة الترفيف | حالة تلف | ليس للاعارة | مجموعات كوها | المكان الدائم | المكان الحالي | موقع الترفيف | تاريخ الاكتساب | Source of acquisition | رقم الاستدعاء | الباركود | Date last seen | نوع الوعاء |
|---|---|---|---|---|---|---|---|---|---|---|---|---|---|---|
| Dewey Decimal Classification | Alef-Baa | Central Library | Central Library | First floor | 01/12/2011 | 330.95 ج ر ا | 000025756 | 15/07/2025 | Book - Borrowing |